000 00480nam a22001697a 4500
999 _c6935
_d6933
005 20210904120107.0
008 200608b xxu||||| |||| 00| 0 eng d
020 _a978-93-84852-62-7
041 _aeng
082 _a345.747 05
100 _aPARANJAPE , DR. N.V.
_96872
245 _aTHE CODE OF CRIMINAL PROCEDURE: Along with juvenile justice (1973) ) (ACT. NO. 2 OF 1974)
260 _aALLAHABAD
_bCENTRAL LAW AGENCY
300 _a949;p
650 _aLAW
_95701
942 _cBK